Normal view
MARC view
- Reference services (Libraries)
Entry Topical Term
001 - CONTROL NUMBER
- control field: 41264
003 - CONTROL NUMBER IDENTIFIER
- control field: OSt
005 - DATE AND TIME OF LATEST TRANSACTION
- control field: 20160927125630.0
008 - FIXED-LENGTH DATA ELEMENTS
- fixed length control field: 160927|| aca||babn | a|a d
040 ## - CATALOGING SOURCE
- Original cataloging agency: OSt
150 ## - HEADING--TOPICAL TERM
- Topical term or geographic name as entry element: Reference services (Libraries)
450 ## - SEE FROM TRACING--TOPICAL TERM
- Topical term or geographic name entry element: Libraries
- General subdivision: Reference department
450 ## - SEE FROM TRACING--TOPICAL TERM
- Topical term or geographic name entry element: Library reference services
450 ## - SEE FROM TRACING--TOPICAL TERM
- Topical term or geographic name entry element: Reference work (Libraries)
550 ## - SEE ALSO FROM TRACING--TOPICAL TERM
- Topical term or geographic name entry element: Information services
550 ## - SEE ALSO FROM TRACING--TOPICAL TERM
- Topical term or geographic name entry element: Public services (Libraries)